Book of Colonial needlework: a handbook of contemporary projects. Crewelwork-Whitework-Edgestitching-Faggoting-Drawnwork-Stumpwork-Turkeywork-Candlewicking-Appliqué-Patchwork-Hooking-Crochet-Braiding

Saved in:
Bibliografiske detaljer
Hovedforfatter: Musheno, Elizabeth J. (Author)
Format: Bog
Sprog:engelsk
Udgivet: Nueva York Van Nostrand Reinhold Company 1975
Fag:
Tags: Tilføj Tag
Ingen Tags, Vær først til at tagge denne postø!

MARC

LEADER 00000cam a2200000 a 4500
001 UCF5578
003 CL-VaPUC
008 130318e19750000US |||||||||||||||||eng|d
020 |a 0442256078 
082 0 4 |a 746  |b MUS  |2 21 
100 |a Musheno, Elizabeth J.  |e author  |9 567523 
245 1 0 |a Book of Colonial needlework: a handbook of contemporary projects. Crewelwork-Whitework-Edgestitching-Faggoting-Drawnwork-Stumpwork-Turkeywork-Candlewicking-Appliqué-Patchwork-Hooking-Crochet-Braiding 
300 |a 136 p 
942 |c BK 
945 |d 20130318 00:00:00  |a dcastane 
260 |a Nueva York  |b Van Nostrand Reinhold Company  |c 1975 
650 0 |a Artes textiles  |9 335409 
650 7 |a CROCHET  |2 CL-VaPUC  |9 546160 
650 0 |a Manuales  |9 257144 
650 7 |a LABORES DOMESTICAS  |2 CL-VaPUC  |9 545793 
583 |a last modification  |c 20130318 11:20:00  |k Rodrigo Vera 
999 |c 351076  |d 351074 
952 |0 0  |1 0  |4 0  |6 746_000000000000000_MUS_1975  |7 0  |8 A  |9 454955  |a BIBARQ  |b BIBARQ  |d 2019-11-22  |i 4949862  |o 746 MUS 1975  |p 4949862  |r 2025-01-20  |w 2019-11-22  |y BK  |k ARQ